Test 20 personnages Riverdale en 15 minutes - Statistiques

Statistiques générales
  • Ce quiz a été pris 1 542 fois
  • Le résultat moyen est 12 sur 15
Statistiques - réponses
Hint Réponse % Correct
Elle a un coté obscure Betty Cooper
98%
Elle a emménager à Riverdale dans la première saison Veronica Lodge
97%
Elle a toujours un rouge à lèvres rouge Cheryl Blossom
96%
C'est le narrateur Jughead Jones
92%
Il s'est fait tuer par son père Jason Blossom
88%
C'est la femme de la cagoule noir Alice Cooper
84%
C'est la mère de Veronica Hermione Lodge
84%
C'est la soeur de la petite amie du narrateur Polly Cooper
83%
C'est le roi de Serpents FP Jones
82%
C'est la cagoule noir Hal Cooper
78%
Il est en prison dans la première saison Hiram Lodge
78%
C'est la petite amie de Cheryl Toni Topaz
77%
C'est la fille du roi des Serpents Jellybean Jones
70%
Il a tué son fils Clifford Blossom
63%
C'est le meilleur ami de Betty Kevin Keller
62%
Aucun quiz correspondant
Distribution des résultats
% des personnes avec chaque résultat
Percentile par nombre de réponses
Votre historique - résultats
Vous n’avez pas pris ce quiz